| 000 | 00453nam a22001457a 4500 | ||
|---|---|---|---|
| 008 | 230331b |||||||| |||| 00| 0 eng d | ||
| 020 | _a978-81-8495-784-6 | ||
| 082 | _a658.42 | ||
| 100 | _aKevin. D . Johnson | ||
| 245 |
_aThe Entrepreneur Mind: _b100 essential beliefs, characteristics and habits of Elite Entrepreneurs |
||
| 260 |
_bJaico Publishing House, _c2013 |
||
| 300 |
_a251 p. _c22 cm |
||
| 942 | _2ddc | ||
| 999 |
_c9441 _d9442 |
||